Sustainability and the Rights of Nature in Practice (Record no. 96876)

MARC details
000 -LEADER
fixed length control field 01784nam a2200193Ii 4500
008 - FIXED-LENGTH DATA ELEMENTS--GENERAL INFORMATION
fixed length control field 221202s xx 000 0 und d
245 #0 - TITLE STATEMENT
Title Sustainability and the Rights of Nature in Practice
264 ## - PRODUCTION, PUBLICATION, DISTRIBUTION, MANUFACTURE, AND COPYRIGHT NOTICE
Name of producer, publisher, distributor, manufacturer Taylor & Francis
Date of production, publication, distribution, manufacture, or copyright notice 2019
300 ## - PHYSICAL DESCRIPTION
Extent 1 online resource
336 ## - CONTENT TYPE
Content type term text
Content type code txt
Source rdacontent
337 ## - MEDIA TYPE
Media type term computer
Media type code c
Source rdamedia
338 ## - CARRIER TYPE
Carrier type term online resource
Carrier type code cr
Source rdacarrier
520 ## - SUMMARY, ETC.
Summary, etc. This book, and the intellectual and legal movement summarised within its pages, charts a bold alternative course for humanity. That there are certain 'rights of Nature' intrinsic to landscapes and life-forms around the world is a revolutionary assertion, yet an assertion with abundant and venerable precedents. By the logic of this movement, nonhuman beings have intrinsic existential rights and, by extension, should possess certain rights protecting their survival and interests within the evolving legal practices of modern nations. Concepts akin to human rights are thus extended to populations of wild nonhuman species, and to landforms such as mountains or rivers, on which many other lives depend. These entities might then possess rights to representation in legal arenas akin to personhood : so that certain keystone landforms or living beings cannot be destroyed for the profit of human individuals without overwhelmingly compelling reasons, nor damaged without efforts to directly compensate nonhuman 'claimants' for damages.
653 ## - INDEX TERM--UNCONTROLLED
Uncontrolled term Cameron, Chris, Follette, La, Maser, Nature, Practice, Rights, Sustainability
700 1# - ADDED ENTRY--PERSONAL NAME
Personal name La Follette, Cameron
700 1# - ADDED ENTRY--PERSONAL NAME
Personal name Maser, Chris
856 ## - ELECTRONIC LOCATION AND ACCESS
Uniform Resource Identifier <a href="https://docs.google.com/spreadsheets/d/1yKIrdCPDAG_9c22mwoOIO2DOhtj65Wqa/edit?usp=sharing&ouid=106555315294820607512&rtpof=true&sd=true ">https://docs.google.com/spreadsheets/d/1yKIrdCPDAG_9c22mwoOIO2DOhtj65Wqa/edit?usp=sharing&ouid=106555315294820607512&rtpof=true&sd=true </a>
Link text List of Curated E-Books
942 ## - ADDED ENTRY ELEMENTS (KOHA)
Koha item type E-Book

No items available.

University of Rizal System
Email us at univlibservices@urs.edu.ph

Visit our Website www.urs.edu.ph/library